| 000 | 01305nam a22003017a 4500 | ||
|---|---|---|---|
| 001 | 2703 | ||
| 005 | 20240111133357.0 | ||
| 020 | _a9781407106137 | ||
| 040 |
_aDLC _beng _erda _cDLC |
||
| 050 | 0 | 0 | _aQ180.2 |
| 082 | _2579 | ||
| 100 | 1 |
_aArnold, Nick _eauthor. |
|
| 245 | 1 | 0 |
_aMicroscopic Monsters / _cby Arnold, Nick : illustrated by De Sulles, Tony |
| 250 | _aFirst published in the UK | ||
| 260 |
_aLondon : _bScholastic , _c2001,2008 |
||
| 300 |
_a158 pages : _billustrations ; _c20 cm . |
||
| 490 | _aHorrible Science | ||
| 500 | _aEach volume contains own index. | ||
| 505 | 0 | _aX | |
| 520 | _aChildren will laugh and learn as they explore the weird side of science with the Horrible Science Series. How do vampire bats suck blood? What makes stink bombs stink? These are just a few of the questions that are answered in this wacky science fact series. Cartoon-style illustrations depict the more grotesque aspects of science that fascinate children. Text copyright 2004 Lectorum Publications, Inc. | ||
| 521 |
_a900
_bLexile |
||
| 521 |
_aX
_bRaz-Plus |
||
| 650 | 0 |
_aScience _vJuvenile literature. |
|
| 650 | 0 |
_aScience _xStudy and teaching (Primary) |
|
| 700 | 1 |
_aDe Saulles, Tony _eillustrator |
|
| 906 |
_a7 _bcbc _corigres _d2 _encip _f20 _gy-gencatlg |
||
| 942 |
_2ddc _cBK _n0 |
||
| 999 |
_c2703 _d2703 |
||